Statistics for Greek Mythology

Click here to take the quiz!

General Stats

  • This quiz has been taken 592 times
    (590 since last reset)
  • The average score is 8 of 34

Answer Stats

Hint Answer % Correct
1. Who were the original three Greek gods?Zeus, Hades, Poseidon
75%
6. Who is also known as mother earth?Gaea
71%
7. Who turned Medusa into the snake haired, turn you to stone, monster?Athena
60%
15. Who was the first mortal woman?Pandora
59%
31. Who was GOD of light?Apollo
53%
32. Who is the twin of #31Artemis
45%
11. Who is the god of DEATH?Thanatos
44%
12. Who created man?Prometheus
44%
3. Who was the mother of the six?Rhea
44%
18. #15 was given a box. When opened all of the evils and sorrows of the world were released. What was left at the bottom of the box?Hope
43%
2. Who were the original three Greek goddesses?Hera, Hestia, Demeter
37%
26. Who was the original ruler of the heavens?Uranus
28%
20. Who saved him?Heracles
27%
25. Who is the wife of # 16?Aphrodite
26%
16. Who created her?Hephaestus
19%
5. What did the father do to the first five of the six to keep them from overthrowing him?He swallowed them
19%
4. Who was the father?Chronus
18%
22. Which cyclops was blinded by odysseus?Polyphemus
16%
24. What did they give Zeus as a thanks for freeing them from Tartarus?Bolts of Lightning
16%
13. He shaped man out of ____?Mud
16%
30. Who was TITAN of light?Hyperion
13%
10. Other than being god of the dead, Hades is also god of _____?Wealth
11%
21. What was the weapon of #20A club
10%
29. What does the name of #27 mean?Hundred Handed
9%
8. What creature was half nymph and half speckled snake?Echidna
4%
9. How were the three kingdoms of the earth divided between the three gods?They drew lots
4%
19. Zeus was angry with #12 for tricking him. What was his punishment?To have his liver torn out every day and night
4%
34. Who were the three Fates?Clotho, Lachesis, and Atropos
1%
17. What two gifts did Zeus tell Hermes to give to her?Deceptive heart, lying tongue
1%
14. What two gifts did he give to man?Ability to stand upright, fire
1%
23. According to Hesiod, there were three cyclopes (not including #22). They were sometimes known as thunderbolt, lightning, and thunder. What were their real names?Arges, Steropes, and Brontes
1%
27. #6 and #26 were mates. They had the 3 Cyclopes, the 12 Titans, and the 3 _____?Hecatoncheires
1%
33. Who were the three most famous Sirens?Parthenope, Ligea, and Leucosia
0%
28. What were their names?Briareus, Cottus, and Gyges
0%

Score Distribution

Percentile by Number Answered

Percent of People with Each Score

Your Score History

You have not taken this quiz since the last reset